[Event "Altensteig"]
[Site "Altensteig"]
[Date "1990.??.??"]
[Round "2"]
[White "Gabriel, Christian"]
[Black "Hickl, Joerg"]
[Result "0-1"]
[WhiteElo "2365"]
[BlackElo "2480"]
[Annotator "King,D"]
[PlyCount "86"]
[EventDate "1990.07.??"]
[EventType "tourn"]
[EventRounds "11"]
[EventCountry "GER"]
[EventCategory "9"]
[SourceTitle "CBM 020"]
[Source "ChessBase"]
[SourceDate "1991.02.01"]
[SourceVersion "1"]
[SourceVersionDate "1991.02.01"]
[SourceQuality "1"]

1. e4 d6 2. d4 g6 3. Nc3 c6 4. g3 Bg7 5. Bg2 b5 $1 $132 6. a3 Bb7 7. Be3 Nd7 8.
f4 e5 9. Nf3 Ngf6 10. dxe5 dxe5 11. Nxe5 Nxe5 12. Qxd8+ Kxd8 13. fxe5 Ng4 14.
Bg5+ Kc7 15. e6 fxe6 16. Bh3 Ne5 17. O-O-O Rae8 18. Rhf1 Bc8 19. Ne2 Rhf8 20.
Rxf8 Rxf8 21. Bf4 Kb7 22. Nd4 Re8 23. c3 Kb6 24. Nb3 Nc4 25. Bg5 Be5 26. Rd8
Rxd8 27. Bxd8+ Bc7 28. Be7 Bd6 29. Bxd6 Nxd6 30. Nd4 e5 31. Bxc8 exd4 32. Bg4
dxc3 33. bxc3 Nxe4 34. Kc2 Kc5 35. Bf3 Nd6 36. Kb3 Nc4 37. Be2 Nb6 38. Bd3 a5
39. h4 a4+ 40. Ka2 Nd5 41. Kb2 Ne3 42. Be4 Kd6 43. Kb1 Nf1 0-1

[Event "Frankfurt"]
[Site "Frankfurt"]
[Date "1990.??.??"]
[Round "?"]
[White "Zude, Arno"]
[Black "Alber, Horst"]
[Result "1-0"]
[WhiteElo "2325"]
[BlackElo "2340"]
[Annotator "King,D"]
[PlyCount "73"]
[EventDate "1990.??.??"]
[EventType "tourn"]
[EventRounds "13"]
[EventCountry "GER"]
[EventCategory "7"]
[SourceTitle "CBM 020"]
[Source "ChessBase"]
[SourceDate "1991.02.01"]
[SourceVersion "1"]
[SourceVersionDate "1991.02.01"]
[SourceQuality "1"]

1. e4 g6 2. d4 Bg7 3. Nc3 d6 4. Be3 a6 5. Qd2 b5 6. f3 (6. a4 b4 7. Nd1 a5 8.
Bd3 Nf6 9. f3 O-O 10. Ne2 Nbd7 11. c3 c5 12. O-O Bb7 13. Bb5 bxc3 14. bxc3 Qc7
15. Nb2 $14 {Ghinda-Nunn, Buenos Aires 1978.}) 6... Nd7 7. g4 Bb7 8. Nge2 c5 9.
h4 cxd4 10. Nxd4 h5 11. gxh5 $13 (11. g5 $1 $14) 11... Rxh5 12. O-O-O Ngf6 13.
Bh3 Ne5 14. Bg5 Qa5 15. Kb1 Nc4 16. Qe1 Qb4 17. Nb3 Nh7 18. Bc1 Bxc3 19. bxc3
Na3+ 20. Kb2 Qa4 21. Bg4 Re5 22. Bf4 Nxc2 23. Qe2 Rxe4 24. fxe4 Bxe4 25. Bf3
Bxf3 26. Qxf3 Rc8 27. Bxd6 exd6 28. Qe2+ Kf8 29. Qxc2 b4 30. c4 Nf6 31. Rxd6
Ng4 32. Re1 a5 33. Kb1 Qa3 34. Qc1 Qa4 35. h5 gxh5 36. Qg5 f6 37. Qxh5 1-0

[Event "Prestwich"]
[Site "Prestwich"]
[Date "1990.??.??"]
[Round "6"]
[White "Adams, Michael"]
[Black "Schlosser, Michael"]
[Result "1/2-1/2"]
[WhiteElo "2555"]
[BlackElo "2340"]
[Annotator "King,D"]
[PlyCount "179"]
[EventDate "1990.??.??"]
[EventType "tourn"]
[EventRounds "9"]
[EventCountry "ENG"]
[SourceTitle "CBM 018"]
[Source "ChessBase"]
[SourceDate "1990.10.01"]
[SourceVersion "1"]
[SourceVersionDate "1990.10.01"]
[SourceQuality "1"]

1. e4 g6 2. d4 Bg7 3. Nc3 d6 4. Be3 c6 5. Qd2 Nd7 6. h4 h5 7. Nh3 Ngf6 8. f3 b5
9. O-O-O {9.Bd3!?; White doesn't achieve much advantage after 9.0-0-0.} b4 10.
Ne2 Qa5 11. Kb1 Ba6 12. Nc1 Bxf1 13. Rhxf1 Qb5 14. Qd3 Rb8 15. Nf2 c5 16. dxc5
Nxc5 17. Qxb5+ Rxb5 18. Nfd3 Nxd3 19. cxd3 a5 20. Nb3 Kd7 21. Rc1 Rc8 22. Rc4
a4 23. Rfc1 Rxc4 24. dxc4 Rb8 25. Nd4 Ne8 26. c5 Be5 27. Rc4 dxc5 28. Rxc5 Bxd4
29. Bxd4 Nd6 30. Kc2 Nb5 31. Be3 a3 32. Kb3 axb2 33. Kxb2 e6 34. Kb3 f5 35. Bf4
Rb7 36. Rc4 fxe4 37. Rxe4 Nc3 38. Rc4 Ra7 39. Rxb4 Nd5 40. Rc4 Rb7+ 41. Kc2
Nb4+ 42. Kd1 Nd5 43. Bd2 Rb1+ 44. Rc1 Rb2 45. Rc2 Rb1+ 46. Ke2 Ra1 47. Rb2 Kd6
48. Kd3 e5 49. Kc4 Kc6 50. Rc2 Nb6+ 51. Kd3+ Kd5 52. Bb4 Rd1+ 53. Ke2 Rb1 54.
Rd2+ Kc6 55. Rc2+ Kd5 56. Bc3 Nc4 57. Be1 Ra1 58. Bg3 Kd4 59. Bf2+ Kd5 60. Kd3
Rd1+ 61. Kc3 Ra1 62. Bg3 Rd1 63. Bf2 Ra1 64. Kd3 Rd1+ 65. Ke2 Rb1 66. Be1 Ra1
67. Kf2 Rb1 68. Bc3 Rh1 69. a4 Rxh4 70. a5 Rf4 71. a6 Rf7 72. Ra2 Ra7 73. Ke2
Kc5 74. Kd3 Kb5 75. Ra1 Rd7+ 76. Ke4 Ra7 77. Bxe5 Rxa6 78. Rxa6 Kxa6 79. Bd4
Kb5 80. Kf4 Kc6 81. Kg5 Kd5 82. Bf2 Ne5 83. Bg3 Nd3 84. Kxg6 h4 85. Bh2 Ne1 86.
f4 Nxg2 87. f5 h3 88. Kg5 Ne3 89. f6 Ke6 90. Kh4 1/2-1/2

[Event "BL2-Ost 9899"]
[Site "Germany"]
[Date "1999.02.21"]
[Round "6.1"]
[White "Espig, Lutz"]
[Black "Jansa, Vlastimil"]
[Result "1-0"]
[WhiteElo "2440"]
[BlackElo "2490"]
[Annotator "Knaak,R"]
[PlyCount "63"]
[EventDate "1998.10.18"]
[EventType "team-tourn"]
[EventRounds "9"]
[EventCountry "GER"]
[SourceTitle "GER-chT2"]
[Source "ChessBase"]
[SourceDate "1999.07.01"]
[SourceVersion "1"]
[SourceVersionDate "1999.07.01"]
[SourceQuality "1"]
[WhiteTeam "Plauen"]
[BlackTeam "Forchheim"]
[WhiteTeamCountry "GER"]
[BlackTeamCountry "GER"]

1. Nf3 g6 2. e4 Bg7 3. d4 d6 4. Bd3 Bg4 5. c3 Nd7 6. Nbd2 c5 7. h3 Bxf3 8. Nxf3
cxd4 9. cxd4 Ngf6 10. O-O O-O {Es ist schon seltsam, welche Blüten die moderne
Eröffnungsbehandlung treibt: Schwarz hat freiwillig das Läuferpaar abgegeben
und das Zentrum dem Weißen überlassen. Kompensation dafür: gar keine, wenn man
mal davon absieht, daß die schwarze Stellung keine Schwächen aufweist. Partien
werden ja eh später entschieden.} 11. Re1 Rc8 12. e5 Nd5 13. Be4 N7b6 14. a4 $1
$16 dxe5 ({Nach} 14... a5 15. Bd2 {müßte der a5 mit} Ra8 {gedeckt werden.}) 15.
dxe5 e6 16. Bg5 $1 Qc7 17. a5 Nc4 18. Bxd5 exd5 19. Qxd5 h6 {Notwendig, denn} (
19... Nxb2 $2 20. Rec1 Qb8 21. Qd4 {und der Sb2 geht verloren.}) (19... Rfe8 $5
20. Bf6 Nxb2) 20. Bf6 Bxf6 {Auch dies ist erzwungen, denn} (20... Nxb2 $2 21.
Bxg7 Kxg7 22. Qd4 Nc4 23. e6+ Kh7 24. Rac1 b5 25. axb6 axb6 26. Nd2 b5 27. e7
Rfe8 28. Ne4 $18) 21. exf6 Rfd8 22. Qe4 Nxb2 {Die Aussichten des Anziehenden
beim Angriff auf den schwarzen König sind natürlich ausgezeichnet.} 23. Qh4 h5
({Relativ klar verliert Schwarz nach} 23... Qc3 $2 24. Rac1 $1 Qxc1 25. Rxc1
Rxc1+ 26. Kh2 Rc6 27. Nd4 Rcd6 28. Nf5 gxf5 29. Qxh6) 24. Re7 (24. Qg5 $5)
24... Qc3 25. Rae1 (25. Qg5 $5 Nd3 26. Rd1) 25... Nd3 26. R1e3 Qa1+ $2 {
Zu langsam, so ein Schach muß man sich aufheben.} ({Nach} 26... Qxa5 {kassiert
die Dame nicht nur einen Bauern ein, sondern kontrolliert g5 (gegen Dg5 oder
Sg5) und via a1 wird nach wie vor f6 bedroht. Selbst in der Analyse läßt sich
weißer Vorteil nicht leicht nachweisen, aber so könnte es gehen:} 27. Ng5 Qa1+
28. Kh2 Qxf6 29. Rxf7 Qd6+ 30. Rg3 {und der Angriff sollte durchschlagen, z.B.}
Qe5 31. Qa4 Nc5 32. Qc2 Ne4 (32... Rc6 33. f4 Qd5) 33. Qa2 Qd5 34. Qb2) 27. Kh2
Qb2 {[#]} (27... Qxa5 28. Ng5) 28. Rxf7 $1 {Schön gespielt, aber auch} (28.
Rxd3 $1 Rxd3 29. Qc4 $3 {war sehr hübsch, z.B.} Rxc4 30. Re8+ Kh7 31. Ng5+ Kh6
32. Nxf7+ Kh7 33. Rh8#) 28... Kxf7 29. Re7+ Kg8 30. Qg5 Nf4 31. Qxf4 Qc1 32.
Qe4 1-0

[Event "POL-ch 57th"]
[Site "Plock"]
[Date "2000.05.03"]
[Round "6"]
[White "Grabarczyk, Bogdan"]
[Black "Urban, Klaudiusz"]
[Result "1-0"]
[WhiteElo "2394"]
[BlackElo "2467"]
[Annotator "Konikowski,J"]
[PlyCount "49"]
[EventDate "2000.04.28"]
[EventType "tourn"]
[EventRounds "13"]
[EventCountry "POL"]
[EventCategory "10"]
[SourceTitle "CBM 078"]
[Source "ChessBase"]
[SourceDate "2000.10.18"]
[SourceVersion "1"]
[SourceVersionDate "2000.10.18"]
[SourceQuality "1"]

1. e4 {Baburin} g6 2. d4 Bg7 3. Nc3 c6 4. f4 d6 5. Be3 Nf6 6. Qd2 (6. Nf3 b5 (
6... Qa5 7. Qd2 Bg4 8. Be2 Na6 9. O-O O-O 10. h3 Bxf3 11. Bxf3 e6 12. g4 Nd7
13. f5 exf5 14. gxf5 Qd8 15. Bg2 Nb6 16. b3 c5 17. Ne2 cxd4 18. Bxd4 Be5 19.
Rad1 Qh4 20. Bf2 Qe7 21. Nd4 Nc5 22. Be3 Rfe8 23. Bf4 Nxe4 24. Bxe4 Bxd4+ 25.
Qxd4 Qxe4 {1/2-1/2 Pusec,P-Danek,P/SVK 1998/}) 7. a3 O-O 8. Bd3 Ng4 9. Bg1 Bb7
10. Qd2 Nd7 11. h3 Ngf6 12. e5 Ne8 13. Nd1 Nc7 14. Ne3 c5 15. c3 Bxf3 16. gxf3
dxe5 17. fxe5 cxd4 18. cxd4 Nb6 19. Be4 Nbd5 20. Nxd5 Nxd5 $11 {Aguilar,
J-Celis Sanchez,C/Miraflores 1993/}) 6... Ng4 7. Nf3 Nxe3 8. Qxe3 Bg4 $146 {
[%mdl 8]} (8... Qb6 9. O-O-O e5 10. h3 h5 11. Bc4 O-O 12. f5 gxf5 13. exf5 exd4
14. Nxd4 d5 15. Qg5 c5 16. Nxd5 Qh6 17. Nf3 Nc6 18. g4 Nd4 19. Rxd4 Qxg5+ 20.
Nxg5 Bxd4 21. c3 Bf2 22. Nf6+ (22. Rf1 $1 Bh4 23. Ne7+ Kh8 (23... Kg7 24. f6+
Kh6 25. Nxf7+ Rxf7 26. Bxf7 $18) 24. Nxf7+ Rxf7 25. Ng6+ Kg7 26. Nxh4 Rf8 27.
g5 $18) 22... Kh8 23. Nxf7+ Rxf7 24. Bxf7 Kg7 25. Bxh5 Kxf6 26. h4 Be3+ 27. Kc2
Bd7 28. Rd1 Rd8 29. b3 Bf2 30. g5+ Ke5 (30... Kxf5 $2 31. Rf1 $16) 31. Kb2 Bxh4
32. f6 Bxg5 33. Bg4 Bxg4 34. Rxd8 Bxf6 $19 {Lappalainen,S-Kiili,M/Vantaa 1991/}
) 9. e5 O-O 10. O-O-O dxe5 11. fxe5 Nd7 12. Be2 Qa5 13. Nd2 {'!?' Baburin.
Baburin: 'White fortifies the queenside, while simultaneously preparing for
the attack with h2-h4-h5.'} Be6 14. Kb1 Rad8 (14... b5 $5 {Baburin}) 15. h4 Nb6
16. Nb3 (16. h5 Nd5 17. Nxd5 Qxd5 18. Nb3 c5 $1 $132) 16... Nd5 $2 (16... Bxb3
$5 17. cxb3 h6 $11) 17. Nxd5 $14 Qxd5 18. h5 c5 (18... Qxg2 $4 19. Bf3 Bh6 20.
Qxh6 Qxf3 21. Rdg1 $18) 19. hxg6 hxg6 20. Rh4 $1 {Baburin: 'Now Black is
helpless against the direct attack on the h-file.'} (20. dxc5 Qxe5 21. Qxe5
Bxe5 $11) 20... Rc8 (20... cxd4 $4 {Baburin} 21. Rhxd4 $18) 21. Rdh1 $1 $18 {
[%cal Rh4h8,Re3h6]} Qxg2 22. Nxc5 Rxc5 23. dxc5 (23. Rh7 $5) 23... Bf5 (23...
Qd5 24. Bc4 Qxe5 25. Qxe5 Bxe5 26. Bxe6 fxe6 $18) 24. R1h2 {'!' Baburin.} Qd5
25. Rh8+ $1 (25. Rh8+ Bxh8 26. Qh6 $18) 1-0

[Event "Tilburg"]
[Site "Tilburg"]
[Date "1993.??.??"]
[Round "1"]
[White "Bologan, Viktor"]
[Black "Krasenkow, Michal"]
[Result "1/2-1/2"]
[WhiteElo "2510"]
[BlackElo "2595"]
[Annotator "Krasenkow,M"]
[PlyCount "69"]
[EventDate "1993.11.??"]
[EventType "k.o."]
[EventRounds "7"]
[EventCountry "NED"]
[SourceTitle "CBM 039"]
[Source "ChessBase"]
[SourceDate "1994.04.01"]
[SourceVersion "1"]
[SourceVersionDate "1994.04.01"]
[SourceQuality "1"]

1. e4 g6 2. d4 Bg7 3. Nc3 d6 4. f4 e6 5. Nf3 Ne7 6. Bd3 $5 Nbc6 7. Be3 O-O 8.
O-O e5 9. dxe5 dxe5 10. Qe1 $1 (10. Nxe5 $6 Nxe5 11. fxe5 Be6 12. Qe1 Bxe5 13.
Rd1 c6 14. Qh4 Bd4 $10 {Sznapik,A-Krasenkov,M Lubniewice tt 1993}) 10... Bg4
11. Kh1 exf4 12. Bxf4 Bxf3 13. gxf3 Ne5 14. Be2 (14. Qg3 $1 Nxd3 15. Bxc7 Qd7
16. Rad1 $16) 14... c6 15. Qg3 Qd6 16. Be3 Rfd8 (16... Rad8 $5) 17. a3 f5 18.
f4 Nf7 19. Bc4 Bxc3 20. bxc3 (20. e5 Qc7 (20... Bxe5 21. fxe5 Qb8 22. Bc5) 21.
bxc3 Nd5 $13) 20... fxe4 21. Qh3 Qf6 (21... Nf5 $2 22. Bxf7+ Kxf7 23. Qxh7+ Kf6
24. Rg1 Rg8 25. Rg5 Qe6 26. Rag1 Qf7 27. Bd4+ Nxd4 28. Qh4 $16) 22. Bd4 Qf5 23.
Qh4 Nd5 24. Be2 h5 25. Rg1 Kf8 26. Raf1 Ke8 27. Rf2 (27. Rg5 $5 Nxg5 28. fxg5
$44 {->}) 27... e3 (27... Rd6 $1 28. Rg5 (28. Bxh5 $2 e3 29. Rf3 gxh5 30. Rg8+
Kd7 31. Rxa8 e2 32. Bf2 (32. Rf8 Qe4 33. Qh3+ Ke7) 32... Qe4 33. Qh3+ Re6) (28.
Bf1 e3 29. Re2 Re6) 28... Nxg5 29. fxg5 Qe6 $44) 28. Rff1 Qxc2 29. f5 g5 (29...
Qxe2 30. Qe4+ Ne7 31. Bc5 Nd6 (31... Rd7 32. fxg6) 32. Bxd6 Rxd6 33. f6 Rxf6
34. Rxf6 Rd8 35. Re6 Rd7 36. Qxg6+) 30. Qxh5 Qe4+ 31. Bf3 Qxf5 32. Bg2 Qe6 (
32... Nf4 33. Rxf4 $1 Qxf4 34. Rf1 Rxd4 35. cxd4 Qc7 36. Qg6 $40) 33. Bh3 Qe4+
34. Bg2 Qe6 (34... Qe7 $2 35. Bc5 Nf6 36. Rxf6 Qxf6 37. Rf1 Qe6 38. Rxf7 Qxf7
39. Qh8+ Kd7 40. Bh3+ Kc7 41. Qe5+ $18) 35. Bh3 1/2-1/2

[Event "Montreux"]
[Site "Montreux"]
[Date "1977.04.??"]
[Round "?"]
[White "Bhend, Edwin"]
[Black "Wirthensohn, Heinz"]
[Result "1-0"]
[WhiteElo "2320"]
[BlackElo "2390"]
[Annotator "Kupper,J"]
[PlyCount "70"]
[EventDate "1977.04.??"]
[EventType "tourn"]
[EventRounds "9"]
[EventCountry "SUI"]
[EventCategory "8"]
[SourceTitle "EXT 2012"]
[Source "ChessBase"]
[SourceDate "2011.11.24"]
[SourceVersion "1"]
[SourceVersionDate "2011.11.24"]
[SourceQuality "1"]

1. e4 g6 2. d4 d6 3. Be3 Bg7 4. c3 Nf6 5. f3 Nbd7 6. Na3 O-O 7. Qd2 e5 8. d5
Nh5 9. Nh3 f5 10. exf5 gxf5 11. Bh6 f4 12. Bxg7 Nxg7 13. O-O-O Nf5 14. Nc2 Nc5
15. g3 Ne3 $5 16. Nxe3 fxe3 17. Qxe3 e4 $1 18. f4 c6 19. dxc6 Bxh3 20. Bxh3
bxc6 21. Rhe1 Qe7 22. Qd4 d5 23. c4 $1 Rfd8 24. Kb1 Rab8 25. cxd5 Rxd5 26. Qc4
Qf6 27. b3 {[#]} Nd3 28. Rxd3 $1 exd3 29. Be6+ Qxe6 $1 30. Rxe6 d2 31. Qxd5 $1
cxd5 32. Kc2 a5 33. Ra6 Rb5 34. Kxd2 Kf7 35. Kd3 Rc5 1-0

[Event "ARM-ch 72nd"]
[Site "Yerevan"]
[Date "2012.01.16"]
[Round "6"]
[White "Hovhannisyan, Robert"]
[Black "Minasian, Artashes"]
[Result "1-0"]
[WhiteElo "2589"]
[BlackElo "2525"]
[Annotator "Let's Check"]
[PlyCount "49"]
[EventDate "2012.01.11"]
[EventType "tourn"]
[EventRounds "11"]
[EventCountry "ARM"]
[EventCategory "13"]
[SourceTitle "CBM 147"]
[Source "ChessBase"]
[SourceDate "2012.03.16"]
[SourceVersion "1"]
[SourceVersionDate "2012.03.16"]
[SourceQuality "1"]

1. e4 g6 2. d4 Bg7 3. Nc3 d6 4. f4 a6 5. Nf3 b5 6. Bd3 Nd7 7. e5 Bb7 8. Qe2 c5
9. Ng5 Nh6 10. e6 Nf8 $2 (10... O-O 11. exd7 cxd4 $16) 11. Bxb5+ $1 $18 axb5
12. Qxb5+ Nd7 13. Qxb7 O-O 14. Qxd7 Qa5 15. Qb5 cxd4 16. Qxa5 Rxa5 17. exf7+
Nxf7 18. Nce4 d5 19. Nxf7 dxe4 20. Ng5 e3 21. Ne6 Rc8 22. Nxg7 Rxc2 23. Ne6 d3
24. Bxe3 Re2+ 25. Kd1 1-0

[Event "Gibraltar Masters 10th"]
[Site "Caleta"]
[Date "2012.01.24"]
[Round "1"]
[White "Howell, David"]
[Black "Gislason, Gudmundur"]
[Result "1-0"]
[WhiteElo "2603"]
[BlackElo "2332"]
[Annotator "Let's Check"]
[PlyCount "71"]
[EventDate "2012.01.24"]
[EventType "swiss"]
[EventRounds "10"]
[EventCountry "GGB"]
[SourceTitle "CBM 147"]
[Source "ChessBase"]
[SourceDate "2012.03.16"]
[SourceVersion "1"]
[SourceVersionDate "2012.03.16"]
[SourceQuality "1"]

1. e4 d6 2. d4 g6 3. Nc3 Bg7 4. f4 a6 5. Nf3 b5 6. Bd3 Nd7 7. e5 c5 8. Be4 Rb8
9. Be3 cxd4 10. Nxd4 dxe5 11. Nc6 Qc7 12. Nxb8 Qxb8 13. f5 Ngf6 14. fxg6 b4 15.
gxf7+ Kf8 16. Nd5 Nxe4 17. Nxe7 Kxe7 18. Qg4 Nef6 19. Qxg7 Rf8 20. O-O-O Qc7
21. Rhf1 Rxf7 22. Qh6 Bb7 23. Qh4 Be4 24. Rf2 Qc6 25. Bg5 Ke8 26. Rfd2 a5 27.
Qf2 Rg7 28. Qe3 Ng4 29. Qe2 a4 $2 (29... Bf5 30. Bh4 Qh6 $11) 30. Rd6 $18 Qxc2+
31. Qxc2 Bxc2 32. Re6+ Kf8 33. Kxc2 Rxg5 34. Rxd7 Ne3+ 35. Kd3 Nxg2 $2 (35...
Nf5 36. Rxe5 Rh5) 36. Ra6 1-0

[Event "Tata Steel-C 74th"]
[Site "Wijk aan Zee"]
[Date "2012.01.16"]
[Round "3"]
[White "Paehtz, Elisabeth"]
[Black "Sadler, Matthew D"]
[Result "1/2-1/2"]
[WhiteElo "2454"]
[BlackElo "2660"]
[Annotator "Let's Check"]
[PlyCount "79"]
[EventDate "2012.01.14"]
[EventType "tourn"]
[EventRounds "13"]
[EventCountry "NED"]
[EventCategory "9"]
[SourceTitle "CBM 147"]
[Source "ChessBase"]
[SourceDate "2012.03.16"]
[SourceVersion "1"]
[SourceVersionDate "2012.03.16"]
[SourceQuality "1"]

1. e4 g6 2. d4 Bg7 3. Nc3 c6 4. f4 Qb6 5. Nf3 d5 6. e5 Bg4 7. Be2 Nh6 8. O-O
Nf5 9. Na4 Qc7 10. h3 Bxf3 11. Rxf3 h5 12. g4 Nh4 13. Rf1 Nd7 14. Be3 hxg4 15.
hxg4 g5 16. Bd3 e6 $6 (16... b5 17. Nc3 gxf4 $19) 17. Qd2 f6 18. exf6 Bxf6 19.
Kf2 O-O-O 20. Ke1 Rdf8 21. Kd1 Bg7 22. f5 exf5 23. gxf5 Nxf5 $5 24. Bxf5 Rxf5
$1 25. Rxf5 Rh1+ 26. Ke2 Rxa1 27. Rxg5 Qh2+ 28. Kd3 $2 (28. Bf2 Bf6 29. Rg8+
$15) 28... Qh7+ $19 29. Kc3 Bf6 30. Kb3 Bxg5 31. Bxg5 Qf7 32. Qa5 Qf3+ $2 (
32... b6 $19) 33. c3 $15 Qf8 34. Qxa7 Qd6 35. Nc5 Qb8 36. Qa5 Qc7 37. Qa8+ Qb8
38. Qa5 Qc7 39. Qa8+ Qb8 40. Qa5 1/2-1/2

[Event "ARM-ch 72nd"]
[Site "Yerevan"]
[Date "2012.01.12"]
[Round "2"]
[White "Babujian, Levon"]
[Black "Minasian, Artashes"]
[Result "0-1"]
[WhiteElo "2474"]
[BlackElo "2525"]
[Annotator "Let's Check"]
[PlyCount "96"]
[EventDate "2012.01.11"]
[EventType "tourn"]
[EventRounds "11"]
[EventCountry "ARM"]
[EventCategory "13"]
[SourceTitle "CBM 147"]
[Source "ChessBase"]
[SourceDate "2012.03.16"]
[SourceVersion "1"]
[SourceVersionDate "2012.03.16"]
[SourceQuality "1"]

1. d4 g6 2. e4 Bg7 3. Nc3 a6 4. h4 h5 5. Bg5 b5 6. a4 b4 7. Nd5 Bb7 8. Bc4 Nf6
9. Qf3 Nc6 10. Ne2 Na5 11. Bd3 d6 12. Rd1 Nxd5 13. exd5 Qd7 14. O-O O-O 15.
Rfe1 e6 $2 (15... e5 16. dxe6 Qxe6 $11) 16. Nf4 $18 e5 17. dxe5 dxe5 18. Nxh5
gxh5 19. Bf5 Qd6 20. Qxh5 Rfe8 21. Re3 e4 22. Rg3 Kf8 23. Qh7 e3 24. Bxe3 Qxg3
25. Bc5+ (25. fxg3 Rxe3) 25... Qd6 $18 26. Bxd6+ cxd6 27. Be4 Rac8 $6 (27...
Nc4 28. b3 Nb2 $16) 28. b3 $18 Rc7 29. Rd3 Rc3 30. Rxc3 bxc3 31. h5 Bc8 32. h6
Bf6 33. f4 Nb7 34. Bf3 Nc5 35. g4 $4 (35. Bh5 Re7 36. a5 $18) 35... Ke7 $19 36.
b4 Rh8 37. Qxh8 Bxh8 38. bxc5 Bd4+ 39. Kg2 Bxc5 40. Kg3 Kf8 41. Be4 a5 42. g5
Be3 43. Kf3 Bd2 44. Bd3 Bd7 45. Bh7 Bxa4 46. Kg4 Bb5 47. f5 Be2+ 48. Kh4 f6 0-1

[Event "Kurgan"]
[Site "Kurgan"]
[Date "1993.??.??"]
[Round "?"]
[White "Rashkovsky, Nukhim N"]
[Black "Asanov, Bolat"]
[Result "1-0"]
[WhiteElo "2525"]
[BlackElo "2385"]
[Annotator "Lisenko"]
[PlyCount "67"]
[EventDate "1993.12.??"]
[EventType "tourn"]
[EventRounds "13"]
[EventCountry "RUS"]
[EventCategory "8"]
[SourceTitle "CBM 039"]
[Source "ChessBase"]
[SourceDate "1994.04.01"]
[SourceVersion "1"]
[SourceVersionDate "1994.04.01"]
[SourceQuality "1"]

1. e4 g6 2. d4 Bg7 3. Nc3 d6 4. Be3 a6 5. Qd2 b5 6. f3 (6. a4 b4 7. Nd1 a5 8.
c3 bxc3 9. bxc3 Nf6 10. f3 c6 (10... O-O) (10... Ba6) 11. h4 $5 h5 12. Nf2 $1 (
12. Nh3 Bxh3) 12... Na6 13. Ngh3 Nc7 14. Ng5 Ne6 15. Be2 (15. Nfh3 Nxg5 16.
Nxg5 Rb8 $10) 15... Nxg5 (15... O-O 16. g4 $40) 16. hxg5 Nd7 17. g4 hxg4 18.
Rxh8+ Bxh8 19. Nxg4 Nf8 20. Nh6 $14 {Van Der Wiel,J-Zaitshik,G /Katerini/1992/
1:0 (36) Inf 55/121/}) 6... Nd7 (6... c6 7. h4 $5 Nf6 8. Bh6 Bxh6 9. Qxh6 Qa5
10. Nge2 Nbd7 11. Nc1 c5 12. Nb3 Qc7 13. Qe3 cxd4 14. Qxd4 Qb6 $15 {Dimitrov,
V-Nijboer,F /Debrecen/1992/ 0:1 (42) Inf 57/125/}) 7. a4 $146 (7. Nh3 $6 Bb7 8.
Be2 c5 9. O-O (9. Nf2 $5) 9... cxd4 10. Bxd4 Ngf6 11. a4 b4 12. Na2 a5 13. c3
bxc3 14. Nxc3 O-O 15. Rfb1 Nb8 $1 16. Nd5 Bxd5 17. exd5 Na6 18. Re1 Nc5 19. Ra3
$13 {Huebner,R-Ehlvest,J /Manila (izt)/ 1990/ 0,5 (52) Inf 49/161/}) (7. Nge2
Nb6 8. Ng3 c6 9. Be2 Rb8 10. O-O h5 11. Rae1 h4 12. Nh1 Nf6 13. Nf2 Nc4 14.
Bxc4 bxc4 15. b3 h3 16. g3 cxb3 17. axb3 Nd7 18. f4 Qa5 19. e5 $16 {Gross,
S-Pekarek,A /SLO/1992/}) 7... b4 8. Nd1 Rb8 9. g4 $1 c5 (9... c6 $1 {/\10...
e5!?/}) 10. d5 Nb6 11. a5 Na8 12. Bc4 Nc7 13. Ne2 e6 $6 (13... h5 $6 14. g5 $14
) (13... Nb5 $5 14. O-O Nf6 15. Bh6 Bxh6 16. Qxh6 Kd7 $5 $13) 14. dxe6 Bxe6 15.
Bxe6 Nxe6 16. O-O h5 17. g5 Ne7 18. f4 f5 19. gxf6 Bxf6 20. Qd3 $1 $16 Rb5 $8
21. Nf2 $1 Bxb2 22. Rad1 Nc7 (22... Nc8 23. e5 $1 $18) 23. Qxd6 Qxd6 24. Rxd6
Bg7 (24... Rxa5 25. Nd3 $16) 25. Rfd1 Rxa5 (25... O-O $2 26. Rd7 $18) 26. Nh3
$1 Kf8 27. Ng5 Ne8 28. Rb6 Bf6 29. Bxc5 $1 Bxg5 30. Bxb4 Re5 31. fxg5 Rxe4 32.
Ng3 Re3 33. Bc5 Rf3 34. Rd7 (34. Rd7 Rf7 35. Rbb7 Rhh7 36. Ne4 {/\Nf6+-/}) 1-0

[Event "Ptuj zt"]
[Site "Ptuj"]
[Date "1995.??.??"]
[Round "3"]
[White "Atlas, Valeri"]
[Black "Lobron, Eric"]
[Result "0-1"]
[WhiteElo "2450"]
[BlackElo "2575"]
[Annotator "Lobron,E"]
[PlyCount "102"]
[EventDate "1995.04.??"]
[EventType "tourn"]
[EventRounds "15"]
[EventCountry "SLO"]
[EventCategory "10"]
[SourceTitle "CBM 047"]
[Source "ChessBase"]
[SourceDate "1995.08.01"]
[SourceVersion "1"]
[SourceVersionDate "1995.08.01"]
[SourceQuality "1"]

1. e4 g6 2. d4 Bg7 3. Be3 c6 $5 4. Qd2 d5 5. e5 c5 6. c3 Nc6 7. Bd3 f6 $5 8. f4
(8. exf6 Nxf6 9. dxc5 e5 $132) 8... cxd4 9. cxd4 Nh6 10. Ne2 (10. Nf3 Ng4 (
10... Bg4 11. O-O Nf5 $13) 11. Bg1 fxe5 12. dxe5 (12. fxe5 $5 Bh6 13. Qe2 Nb4
$13) 12... Bh6 13. Bb5 O-O $40) 10... O-O 11. Nbc3 Ng4 12. O-O-O $8 (12. Bg1
fxe5 13. dxe5 Bh6 $17 {mit der idee -Se5}) 12... Bh6 13. exf6 $8 (13. Kb1 Nb4
$17) (13. h3 Nxe3 14. Qxe3 fxe5 15. dxe5 d4 16. Nxd4 Bxf4 $19) 13... exf6 (
13... Nxe3 $5) (13... Nxf6 $5) 14. h3 Nxe3 15. Qxe3 a5 $5 16. g4 {Andere
konstruktive Pläne sind nicht in Sicht.} Nb4 17. Bb1 Ra6 $1 18. a3 Re8 19. Qf3
Qc7 (19... Rae6 $5 20. axb4 (20. Kd2 b6 $1 21. Rhe1 Ba6 $40) 20... axb4 21.
Nxd5 (21. Qxd5 bxc3 22. Qxd8 (22. Nxc3 Bxf4+ 23. Kc2 Qc7 $17) 22... cxb2+ 23.
Kc2 Rxd8 $17) 21... Rxe2 $17) 20. Rhf1 (20. Kd2 Rae6 21. Rhe1 Nc6 22. Nxd5 Qd8
$40) 20... Rae6 21. axb4 Rxe2 (21... axb4 $142 22. Qxd5 bxc3 23. Nxc3 Bxf4+ 24.
Kc2 Kg7 $17) 22. Bd3 $1 $8 (22. Qxd5+ Be6 $19) (22. bxa5 R8e3 23. Qxd5+ Be6 24.
Qc5 Bxf4 25. Qxc7 Rxc3#) 22... axb4 $36 (22... R2e3 23. Qxd5+ Be6 $13) 23. Bxe2
bxc3 24. bxc3 $8 Bxf4+ $1 25. Kb1 $8 (25. Qxf4 Qxc3+ 26. Kb1 Rxe2 $19) 25...
Qa5 $1 $138 26. Bd3 (26. Qxf4 Rxe2 27. Rd2 Rxd2 28. Qxd2 Qb5+ $19) 26... Re6
27. Rf2 $8 (27. Qxf4 Rb6+ 28. Kc1 Qxc3+ 29. Bc2 Ra6 $19) 27... Qxc3 28. Qxd5 $2
(28. Rb2 $142 Be3 $1 (28... Re1 $6 29. Bc2 Rxd1+ 30. Qxd1 Be3 31. Rb3 Qxd4 $4
32. Qe2 $18) 29. Qxd5 Bxd4 (29... Qxd4 30. Qxd4 Bxd4 $10) 30. Rdd2 Kg7 $15)
28... Kg7 $40 29. Rb2 $8 Re1 30. Qf3 Rxd1+ 31. Qxd1 Qxd4 $17 32. Bc2 Qc5 33.
Qd3 Be5 34. Rb5 Qg1+ 35. Bd1 $138 Qa7 $138 36. Qc4 Bd7 37. Rb4 Bc6 $17 38. Bb3
Qa1+ 39. Kc2 Qb2+ 40. Kd3 Kh6 41. Bc2 Qa3+ 42. Qb3 Qa1 43. Kd2 Qa5 44. Ke2 Bd6
$1 45. Qe3+ Kg7 46. Rb1 Qd5 47. Rf1 Bb5+ 48. Bd3 (48. Ke1 Bb4+ 49. Kf2 Bc5)
48... Bc5 49. Qg3 (49. Qf3 Qa2+ 50. Kd1 Ba4+ 51. Kc1 Ba3#) 49... Qa2+ 50. Kf3
Bc6+ 51. Be4 Qa3+ 0-1